Statistics for Guess the Taylor Swift Song by Emoji (Folklore)

Click here to take the quiz!

General Stats

  • This quiz has been taken 92 times
  • The average score is 8 of 12

Answer Stats

HintAnswer% Correct
☮️Peace
95%
🤬👩Mad Woman
92%
lllllll🧵Invisible String
85%
🪩Mirrorball
85%
🧣🧥Cardigan
80%
🙍🏾‍♀️Betty
75%
🗓August
71%
⚫️⚫️⚫️⚫️⚫️⚫️⚫️Seven
71%
🫸🏾😭Exile
47%
🙅🏼Hoax
46%
💡Epiphany
42%
✨⚪️✨The 1
42%

Score Distribution

Percentile by Number Answered

Percent of People with Each Score

Your Score History

You have not taken this quiz